000 00352nam a22001457a 4500
999 _c254124
_d254123
003 OSt
005 20241118165701.0
008 160527b xxu||||| |||| 00| 0 eng d
020 _a0-471-17548-X
040 _cRU
100 _aFalkner, Mike
245 _aUsing Lotus Notes as an Intranet
260 _aUSA
_bJohn Wiley & Sons
_c1997
942 _2lcc
_cBK